Statistics for Hebrew to English

Click here to take the quiz!

General Stats

  • This quiz has been taken 34 times
    (27 since last reset)
  • The average score is 10 of 14

Answer Stats

HintAnswer% Correct
germaniagermany
96%
hollandnetherlands
96%
italiaitaly
92%
norvegianorway
92%
PolinPoland
92%
RusiaRussia
92%
sfaradspain
75%
shvediasweden
75%
tsarfatFrance
63%
Mamalaha mehohedetUK
63%
yavangreece
58%
ShvaitzSwitzerland
58%
litaLithuania
50%
kafrisincyprus
38%

Score Distribution

Percentile by Number Answered

Percent of People with Each Score

Your Score History

You have not taken this quiz since the last reset